| 000 | 00625nam a2200205Ii 4500 | ||
|---|---|---|---|
| 001 | 7902 | ||
| 003 | CO-ViMGA | ||
| 008 | 241108s9999||||xx |||||||||||||| ||und|| | ||
| 040 |
_aCO-ViMGA _bspa _erda _cCO-ViMGA |
||
| 041 | 0 | _aspa | |
| 082 | 0 | 4 | _a986.143 B945m |
| 100 | 1 |
_aHéctor E. Burgos M. _947675 |
|
| 245 | 1 | 0 |
_aMonterrey Llave de guerra, sello de la paz : _bmonografía historica |
| 264 | 1 | _aBogotá, Colombia : Juan XXIII, 1997 | |
| 300 | _avolumen | ||
| 336 |
_atext _btxt _2rdacontent |
||
| 337 |
_aunmediated _bn _2rdamedia |
||
| 338 |
_avolume _bnc _2rdacarrier |
||
| 940 | _aidficha_siabuc: 7726. -- ficha_no_siabuc:7902 | ||
| 999 |
_c42278 _d42278 |
||